000 01210nam a2200325 i 4500
003 EG-GICUC
005 20260221115055.0
008 260119s1926 ua a|||fr|||| 00| 0 ara d
040 _a EG-GICUC
_bara
_c EG-GICUC
_d EG-GICUC
_erda
041 0 _aAra
082 0 4 _221
_a343.81
_bم ح . ت
092 0 4 _221
099 _aLaw1 10 343.81 م ح . ت 1926
100 0 _aمحمد شعير
_eمؤلف.
245 1 2 _aالتحقيق الجنائى العلمى والعملى /
_cتأليف محمد شعير.
264 3 _aمصر :
_bمطبعة الاعتماد،
_c1926.
300 _a356 صفحة :
_bرسومات توضيحية؛
_c24 سم.
336 _2rda content
_atext
337 _2rda media
_aComputer
338 _2rda carrier
_aOnline Resource
500 _aمجموعة محاضرات ألقيت على طلبة الليسانس
504 _a. 240-220 ببليوجرافيا: صفحات.
546 _aالنص باللغة العربية
650 1 _aالتحقيق الجنائى الفنى
_2qrmak
650 1 _aالقانون الجنائى
_2qrmak
651 1 _2qrmak
856 4 0 _uhttps://fll.law.cu.edu.eg/fulltext/bks/B10-07884.pdf
905 _a54
942 _2ddc
_cBK
_e21
_n0
999 _c57725
_d57725